<?xml version="1.0" encoding="UTF-8"?>
<record
    xmlns:xsi="http://www.w3.org/2001/XMLSchema-instance"
    xsi:schemaLocation="http://www.loc.gov/MARC21/slim http://www.loc.gov/standards/marcxml/schema/MARC21slim.xsd"
    xmlns="http://www.loc.gov/MARC21/slim">

  <leader>00832nam a22002057a 4500</leader>
  <controlfield tag="008">111206s1993    ua|||||r|||| 000 0 ara d</controlfield>
  <datafield tag="082" ind1=" " ind2=" ">
    <subfield code="2">22</subfield>
    <subfield code="a">520</subfield>
    <subfield code="b">&#x637; &#x648; &#x633;</subfield>
  </datafield>
  <datafield tag="245" ind1=" " ind2=" ">
    <subfield code="a">&#x627;&#x644;&#x62A;&#x630;&#x643;&#x631;&#x629; &#x641;&#x64A; &#x639;&#x644;&#x645; &#x627;&#x644;&#x647;&#x64A;&#x626;&#x629; :</subfield>
    <subfield code="b">&#x645;&#x639; &#x62F;&#x631;&#x627;&#x633;&#x629; &#x644;&#x625;&#x633;&#x647;&#x627;&#x645;&#x627;&#x62A; &#x627;&#x644;&#x637;&#x648;&#x633;&#x64A; &#x627;&#x644;&#x641;&#x644;&#x643;&#x64A;&#x629; /</subfield>
    <subfield code="c">&#x646;&#x635;&#x64A;&#x631; &#x627;&#x644;&#x62F;&#x64A;&#x646; &#x627;&#x644;&#x637;&#x648;&#x633;&#x64A; &#x61B; &#x62F;&#x631;&#x627;&#x633;&#x629; &#x648;&#x62A;&#x62D;&#x642;&#x64A;&#x642; &#x639;&#x628;&#x627;&#x633; &#x633;&#x644;&#x64A;&#x645;&#x627;&#x646;</subfield>
  </datafield>
  <datafield tag="260" ind1=" " ind2=" ">
    <subfield code="a">&#x627;&#x644;&#x642;&#x627;&#x647;&#x631;&#x629; :</subfield>
    <subfield code="b">&#x62F;&#x627;&#x631; &#x633;&#x639;&#x627;&#x62F; &#x627;&#x644;&#x635;&#x628;&#x627;&#x62D;&#x60C; </subfield>
    <subfield code="c">1993</subfield>
  </datafield>
  <datafield tag="300" ind1=" " ind2=" ">
    <subfield code="a">324 &#x635; :</subfield>
    <subfield code="b">&#x623;&#x64A;&#x636; &#x61B; </subfield>
    <subfield code="c">24 &#x633;&#x645;</subfield>
  </datafield>
  <datafield tag="500" ind1=" " ind2=" ">
    <subfield code="a">&#x64A;&#x634;&#x62A;&#x645;&#x644; &#x639;&#x644;&#x649; &#x643;&#x634;&#x627;&#x641;&#x627;&#x62A;</subfield>
  </datafield>
  <datafield tag="650" ind1=" " ind2=" ">
    <subfield code="9">21338</subfield>
    <subfield code="a">&#x627;&#x644;&#x647;&#x64A;&#x626;&#x629; &#x60C;</subfield>
    <subfield code="x">&#x639;&#x644;&#x645;</subfield>
  </datafield>
  <datafield tag="650" ind1=" " ind2=" ">
    <subfield code="9">15148</subfield>
    <subfield code="a">&#x627;&#x644;&#x641;&#x644;&#x643;</subfield>
  </datafield>
  <datafield tag="650" ind1=" " ind2=" ">
    <subfield code="9">17615</subfield>
    <subfield code="a">&#x627;&#x644;&#x643;&#x648;&#x646;</subfield>
  </datafield>
  <datafield tag="653" ind1=" " ind2=" ">
    <subfield code="b">General</subfield>
    <subfield code="c">December2011</subfield>
  </datafield>
  <datafield tag="942" ind1=" " ind2=" ">
    <subfield code="2">ddc</subfield>
    <subfield code="c">BB</subfield>
    <subfield code="h">RDA-MOD</subfield>
  </datafield>
  <datafield tag="999" ind1=" " ind2=" ">
    <subfield code="c">16300</subfield>
    <subfield code="d">16300</subfield>
  </datafield>
  <datafield tag="336" ind1=" " ind2=" ">
    <subfield code="2">rdacontent</subfield>
    <subfield code="a">&#x646;&#x635;</subfield>
    <subfield code="b">txt</subfield>
  </datafield>
  <datafield tag="337" ind1=" " ind2=" ">
    <subfield code="a">&#x628;&#x62F;&#x648;&#x646; &#x648;&#x633;&#x64A;&#x637;</subfield>
    <subfield code="2">rdamedia</subfield>
    <subfield code="b">n</subfield>
  </datafield>
  <datafield tag="338" ind1=" " ind2=" ">
    <subfield code="a">&#x645;&#x62C;&#x644;&#x62F;</subfield>
    <subfield code="b">nc</subfield>
    <subfield code="2">rdacarrier</subfield>
  </datafield>
  <datafield tag="952" ind1=" " ind2=" ">
    <subfield code="0">0</subfield>
    <subfield code="1">0</subfield>
    <subfield code="2">ddc</subfield>
    <subfield code="4">0</subfield>
    <subfield code="7">0</subfield>
    <subfield code="8">Alef-Baa</subfield>
    <subfield code="a">MAIN</subfield>
    <subfield code="b">MAIN</subfield>
    <subfield code="c">1ST</subfield>
    <subfield code="d">2011-12-06</subfield>
    <subfield code="e">purchase</subfield>
    <subfield code="o">520 &#x637; &#x648; &#x633;</subfield>
    <subfield code="p">000025802</subfield>
    <subfield code="r">2025-07-15 00:00:00</subfield>
    <subfield code="y">BB</subfield>
  </datafield>
</record>
